000
00311nam a2200109Ia 4500
008
220204s9999 xx 000 0 und d
082
_a
030=111=573.14
_b
PIL.1-2
100
_a
Ramalingam Pillai, T
245
0
_a
English English Malayalam Dictionary (Malayalam) 2 V
260
_a
Trivandrum
_b
RS Pillai
942
_c
BK
999
_c
20389
_d
20389